| 000 | 00405nam a2200169Ia 4500 | ||
|---|---|---|---|
| 008 | 230524s9999 xx 000 0 und d | ||
| 082 |
_a510 _bMAT |
||
| 100 | _aA.P.Mathur | ||
| 245 | 0 | _aAdvanced Engineering Mathematics | |
| 250 | _a2ND | ||
| 260 |
_aNEW DELHI _bKhanna _c2001 |
||
| 300 | _aXLVIX;1259 | ||
| 500 | _aQuantity Number: 2 | ||
| 650 | _aMathematics | ||
| 700 | _a V.P.Jaggi | ||
| 942 | _cBK | ||
| 999 |
_c1529 _d1529 |
||